000 00554nam a2200181Ia 4500
003 GCL
008 140319s9999 xx 000 0 ara d
040 _aGCL /
_cGCL
082 0 4 _aط
_b813.02
_bع د
100 1 _aعماد فرحات
245 1 0 _aسباق الكلاب /
_cعماد فرحات
260 _a[S.N] :
_bشركة رشاد برس للطباعة والنشر والتوزيع
490 _aرونالد داك القصصية
_v0
650 0 4 _aالاطفال
650 0 4 _aالقصص
650 0 4 _aقصص الاطفال
942 _2ddc
_cBK
999 _c57379
_d57379